Anatomy of a scientific discovery /

Bibliographic Details
Main Author: Goldberg, Jeff
Format: Book
Language:English
Published: Toronto ; New York : Bantam Books, 1988.
Subjects:

MARC

Tag First Indicator Second Indicator Subfields
LEADER 00000cam a2200000 a 4500
001 in00000025836
005 20151007054506.0
008 871028s1988 onc b 00110 eng
010 |a  87031904  
020 |a 0553052616 :  |c $23.95 ($17.95 U.S.) 
035 |a (OCoLC)16985511 
035 |9 AAB5222AM 
040 |a DLC  |c DLC  |d TXA  |d UtOrBLW 
049 |a TXAM  |c [A11504307] 
050 0 0 |a QP552.E53  |b G65 1988 
082 0 |a 612/.822  |2 19 
100 1 |a Goldberg, Jeff. 
245 1 0 |a Anatomy of a scientific discovery /  |c Jeff Goldberg. 
264 1 |a Toronto ;  |a New York :  |b Bantam Books,  |c 1988. 
300 |a viii, 228 pages ;  |c 22 cm. 
336 |a text  |b txt  |2 rdacontent 
337 |a unmediated  |b n  |2 rdamedia 
338 |a volume  |b nc  |2 rdacarrier 
504 |a Bibliography: pages [217]-218. 
500 |a Includes index. 
650 0 |a Endorphins  |x Research  |x History. 
999 |a MARS 
999 f f |s 8cca306b-c1d2-36f8-9e7c-5b398fa8479b  |i a40661b9-6b2e-3c28-9f0f-a2255b047f9d  |t 0 
952 f f |p ric  |a Texas A&M University  |b Rellis Campus  |c Joint Library Facility  |d Remote Storage  |t 0  |e QP552.E53 G65 1988  |h Library of Congress classification  |i unmediated -- volume  |m A14811504307 
998 f f |a QP552.E53 G65 1988  |t 0  |l Remote Storage